Diagns̤tico limnolg̤ico y pesquero de los principales embalses de Sinaloa

Detalles Bibliográficos
Autor principal: Beltrǹ ℓlvarez, Rigoberto
Otros Autores: Sǹchez Palacios, Jess︢, Arroyo Bustos, Gloria
Formato: eBook
Lenguaje:español
Publicado: Ciudad de Mx̌ico: Cm̀ara de Diputados, 2015
Materias:
Acceso en línea:Acceso restringido

MARC

LEADER 00000nam a22000007a 4500
005 20170827213621.0
007 cr|||| ||||
008 170827s2015 mx |||||s||||f00||0 spa d
020 |a 978-607-9423-41-4 
035 |a 20444 
040 |a vLex 
090 |c 6850  |d 6850 
100 1 |a Beltrǹ ℓlvarez, Rigoberto 
245 1 0 |a Diagns̤tico limnolg̤ico y pesquero de los principales embalses de Sinaloa  |h [Recurso electrn̤ico] /  |c Rigoberto Beltrǹ ℓlvarez, Jess︢ Sǹchez Palacios, Gloria Arroyo Bustos 
256 |a Servicio en ln̕ea 
260 |a Ciudad de Mx̌ico:  |b Cm̀ara de Diputados,  |c 2015 
300 |a 1 recurso electrn̤ico 
500 |a La presente obra es producto de una serie de trabajos realizados en las presas de Sinaloa, que fue desarrollado durante los l︢timos 20 aǫs por el equipo de investigadores del Laboratorio de Limnologa̕ y Pesquera̕s de Agua Dulce, de la Facultad de Ciencias del Mar de la Universidad Autn̤oma de Sinaloa. Cuenta con la participacin̤ de tesistas y colaboradores de proyectos de investigacin̤ de las carreras de Bil̤ogo Pesquero y Bil̤ogo Acuacultor. Capt̕ulo a capt̕ulo, se describen las caracters̕ticas y dimensiones de los diez embalses ms̀ importantes de Sinaloa; se evala︢n las condiciones de la calidad del agua en třminos de las concentraciones de las variables que son indicadores de la salud ambiental de la columna de agua, y se consideran tambiň los aspectos biolg̤ico-pesqueros, concluyendo con recomendaciones para lograr una pesquera̕ sustentable, adems̀ de ser un material de apoyo en el diseǫ y manejo de proyectos acuc̕olas de gran alcance en lo relativo a los aspectos ambientales de estas explotaciones. 
506 1 |a Disponible solo en los productos indicados  |d vLex Global  |d vLex Global (Academic Edition, excluding Law Schools)  |d vLex Global (U.S. Academic Edition, Law Schools)  |d vLex Global (U.S. Academic Edition, excluding Law Schools)  |d vLex Global (Academic Edition, Law Schools) 
650 0 4 |a Derecho Pb︢lico y Administrativo  |z Mx̌ico 
700 1 |a Sǹchez Palacios, Jess︢ 
700 1 |a Arroyo Bustos, Gloria 
740 0 |a vLex Libros (Servicio en ln̕ea) 
856 4 0 |u http://vlex.com/source/diagnostico-limnologico-y-pesquero-de-los-principales-embalses-de-sinaloa-20444  |z Acceso restringido 
942 |c BOOK 
999 0 |a Public and Administrative Law